[Event "LSS No Engine Cup 229 Preliminary 0"]
[Site "LSS email"]
[Date "2022.08.25"]
[Round "?"]
[White "Louro, Eugenio"]
[Black "Maur, Rainer"]
[Result "1/2-1/2"]
[WhiteElo "1938"]
[BlackElo "1600"]
[PlyCount "89"]
[EventDate "2022.08.25"]
[EventType "tourn (corr)"]
[EventRounds "6"]
[EventCountry "GER"]
[SourceTitle "Corr 2024"]
[Source "ChessBase"]
[SourceDate "2023.10.19"]
[SourceVersion "1"]
[SourceVersionDate "2023.10.19"]
[SourceQuality "1"]

1. e4 e5 2. Nf3 Nc6 3. Bb5 a6 4. Ba4 b5 5. Bb3 Nf6 6. 0-0 Bc5 7. d3 d6 8. Nc3 0-0 9. Nd5 Nxd5 10. Bxd5 Bd7 11. c3 Qf6 12. b4 Bb6 13. a4 Rae8 14. axb5 axb5 15. Be3 Bxe3 16. fxe3 Ne7 17. Ra7 Nxd5 18. exd5 Rc8 19. e4 h6 20. Qe2 Qf4 21. d4 Bg4 22. Qe1 Bxf3 23. Rxf3 Qg5 24. Rf5 Qd8 25. dxe5 dxe5 26. Rxe5 Ra8 27. Rxa8 Qxa8 28. g3 Qa7+ 29. Kg2 Ra8 30. Kh3 Qa6 31. Qd2 Qc8+ 32. Kg2 Ra3 33. Rf5 Qa8 34. Qd4 Ra2+ 35. Rf2 Rxf2+ 36. Qxf2 Qa1 37. Qc2 Qe1 38. Qd3 f6 39. h4 Kf8 40. d6 cxd6 41. Qxd6+ Kf7 42. Qd7+ Kf8 43. Qd3 g6 44. Qd6+ Kf7 45. Qd5+ 1/2-1/2

[Event "WC-2022-S-00003"]
[Site "LSS email"]
[Date "2022.06.21"]
[Round "?"]
[White "Maur, Rainer"]
[Black "Koch, Christian"]
[Result "1/2-1/2"]
[WhiteElo "2313"]
[BlackElo "2320"]
[PlyCount "40"]
[EventDate "2022.06.21"]
[EventType "tourn (corr)"]
[EventRounds "12"]
[EventCountry "GER"]
[SourceTitle "Corr 2024"]
[Source "ChessBase"]
[SourceDate "2023.10.19"]
[SourceVersion "1"]
[SourceVersionDate "2023.10.19"]
[SourceQuality "1"]

1. e4 c5 2. Nf3 d6 3. d4 cxd4 4. Nxd4 Nf6 5. Nc3 a6 6. Be3 e5 7. Nb3 Be6 8. Qd2 Nbd7 9. f3 h5 10. Nd5 Bxd5 11. exd5 g6 12. Be2 Bg7 13. 0-0-0 b5 14. Na5 Nb6 15. Nc6 Qc7 16. Bxb6 Qxb6 17. Kb1 Qc5 18. Bd3 Bh6 19. Qa5 0-0 20. c4 Qf2 1/2-1/2

[Event "WC-2022-S-00003"]
[Site "LSS email"]
[Date "2022.06.21"]
[Round "?"]
[White "Maur, Rainer"]
[Black "Quinones Borda, Jorge Victor"]
[Result "1/2-1/2"]
[WhiteElo "2313"]
[BlackElo "2308"]
[PlyCount "47"]
[EventDate "2022.06.21"]
[EventType "tourn (corr)"]
[EventRounds "12"]
[EventCountry "GER"]
[SourceTitle "Corr 2024"]
[Source "ChessBase"]
[SourceDate "2023.10.19"]
[SourceVersion "1"]
[SourceVersionDate "2023.10.19"]
[SourceQuality "1"]

1. d4 Nf6 2. c4 e6 3. Nf3 d5 4. Nc3 Be7 5. Bf4 0-0 6. e3 c5 7. dxc5 Bxc5 8. a3 Nc6 9. Qc2 Qa5 10. Rd1 Be7 11. Be2 Ne4 12. cxd5 Nxc3 13. bxc3 exd5 14. 0-0 Qc5 15. a4 Rd8 16. Nd4 Bf6 17. Qb3 Ne5 18. Bxe5 Bxe5 19. c4 Qc7 20. Nb5 Qb6 21. Qa3 a6 22. Nc3 Bxc3 23. Qxc3 Be6 24. c5 1/2-1/2

[Event "WC-2022-S-00003"]
[Site "LSS email"]
[Date "2022.06.21"]
[Round "?"]
[White "Maur, Rainer"]
[Black "Sadowski, Marek"]
[Result "1/2-1/2"]
[WhiteElo "2313"]
[BlackElo "2301"]
[PlyCount "43"]
[EventDate "2022.06.21"]
[EventType "tourn (corr)"]
[EventRounds "12"]
[EventCountry "GER"]
[SourceTitle "Corr 2024"]
[Source "ChessBase"]
[SourceDate "2023.10.19"]
[SourceVersion "1"]
[SourceVersionDate "2023.10.19"]
[SourceQuality "1"]

1. e4 e5 2. Nf3 Nc6 3. Bb5 Nf6 4. 0-0 Nxe4 5. Re1 Nd6 6. a4 Be7 7. Nc3 0-0 8. d4 exd4 9. Nd5 Re8 10. Bf4 b6 11. Qd3 Bb7 12. Bxd6 cxd6 13. Qf5 Rc8 14. Rad1 Ne5 15. Nxe7+ Rxe7 16. Nxd4 a6 17. Bf1 Ng6 18. Rxe7 Qxe7 19. Qg4 Rc5 20. b4 Rg5 21. Qe2 Re5 22. Qd2 1/2-1/2

[Event "LSS SA-2022-0-00797"]
[Site "LSS email"]
[Date "2022.05.02"]
[Round "?"]
[White "Maur, Rainer"]
[Black "Ozen, Bahadir"]
[Result "1/2-1/2"]
[WhiteElo "2157"]
[BlackElo "2132"]
[PlyCount "62"]
[EventDate "2022.03.15"]
[EventType "tourn (corr)"]
[EventRounds "6"]
[EventCountry "GER"]
[SourceTitle "Corr 2024"]
[Source "ChessBase"]
[SourceDate "2023.10.19"]
[SourceVersion "1"]
[SourceVersionDate "2023.10.19"]
[SourceQuality "1"]

1. d4 d5 2. c4 e6 3. Nf3 Nf6 4. Nc3 c6 5. Bg5 h6 6. Bh4 dxc4 7. e4 g5 8. Bg3 b5 9. h4 g4 10. Ne5 Bb7 11. Nxg4 Nxg4 12. Qxg4 Qxd4 13. Rd1 Qf6 14. a4 h5 15. Qg5 Qxg5 16. hxg5 Bb4 17. Be2 h4 18. Rxh4 Rxh4 19. Bxh4 Nd7 20. Kf1 Bxc3 21. bxc3 Nc5 22. a5 Nxe4 23. g6 fxg6 24. a6 Bxa6 25. Bf3 Nxc3 26. Bxc6+ Kf8 27. Ra1 Rc8 28. Rxa6 b4 29. Bf6 Nd5 30. Bxd5 exd5 31. Rxa7 c3 1/2-1/2

[Event "LSS SA-2022-0-00797"]
[Site "LSS email"]
[Date "2022.05.02"]
[Round "?"]
[White "Maur, Rainer"]
[Black "Vodicka, Milan"]
[Result "1/2-1/2"]
[WhiteElo "2157"]
[BlackElo "1968"]
[PlyCount "60"]
[EventDate "2022.03.15"]
[EventType "tourn (corr)"]
[EventRounds "6"]
[EventCountry "GER"]
[SourceTitle "Corr 2024"]
[Source "ChessBase"]
[SourceDate "2023.10.19"]
[SourceVersion "1"]
[SourceVersionDate "2023.10.19"]
[SourceQuality "1"]

1. e4 e5 2. Nf3 Nc6 3. Bb5 Nge7 4. 0-0 Ng6 5. c3 a6 6. Bc4 d6 7. d4 Be7 8. Be3 f5 9. exf5 Bxf5 10. Bd5 Qd7 11. Nbd2 0-0-0 12. b4 Bf6 13. Bc4 Nce7 14. a4 e4 15. Ne1 Rdf8 16. Qc2 d5 17. Be2 Bg4 18. Nb3 h5 19. f3 Nf5 20. Bc1 exf3 21. Nxf3 Nfh4 22. Nc5 Qe8 23. Bb5 c6 24. Bd3 Bxf3 25. gxf3 Be7 26. Qe2 Bxc5 27. Qxe8+ Rxe8 28. bxc5 Rhf8 29. f4 Nf5 30. Bd2 Rf6 1/2-1/2

[Event "SM-2022-0-00463"]
[Site "LSS email"]
[Date "2022.03.14"]
[Round "?"]
[White "Cirulis, Ilmars"]
[Black "Maur, Rainer"]
[Result "1/2-1/2"]
[WhiteElo "2290"]
[BlackElo "2324"]
[PlyCount "45"]
[EventDate "2022.01.21"]
[EventType "tourn (corr)"]
[EventRounds "6"]
[EventCountry "GER"]
[SourceTitle "Corr 2024"]
[Source "ChessBase"]
[SourceDate "2023.10.19"]
[SourceVersion "1"]
[SourceVersionDate "2023.10.19"]
[SourceQuality "1"]

1. d4 Nf6 2. c4 e6 3. Nf3 d5 4. Nc3 dxc4 5. e4 b5 6. e5 Nd5 7. Nxb5 Nb6 8. Nc3 Be7 9. Be3 0-0 10. h4 Nc6 11. Ng5 h6 12. Qc2 hxg5 13. hxg5 g6 14. Qe4 Kg7 15. Qxc6 Rb8 16. Qf3 Rh8 17. Rh6 Nd5 18. Bxc4 Nxe3 19. fxe3 Bxg5 20. Rxh8 Qxh8 21. 0-0-0 Bb7 22. d5 Qh2 23. Rf1 1/2-1/2

[Event "SM-2021-0-00447"]
[Site "LSS email"]
[Date "2021.06.23"]
[Round "?"]
[White "Bordenave, Roberto"]
[Black "Maur, Rainer"]
[Result "1/2-1/2"]
[WhiteElo "2268"]
[BlackElo "2309"]
[PlyCount "47"]
[EventDate "2021.04.30"]
[EventType "tourn (corr)"]
[EventRounds "6"]
[EventCountry "GER"]
[SourceTitle "Corr 2024"]
[Source "ChessBase"]
[SourceDate "2023.10.19"]
[SourceVersion "1"]
[SourceVersionDate "2023.10.19"]
[SourceQuality "1"]

1. d4 Nf6 2. c4 e6 3. Nc3 Bb4 4. e3 0-0 5. Bd3 c5 6. Nf3 d5 7. 0-0 dxc4 8. Bxc4 Nc6 9. a3 Ba5 10. Qd3 a6 11. dxc5 Qxd3 12. Bxd3 Bxc3 13. bxc3 Na5 14. c4 Nb3 15. Rb1 Nxc5 16. Bc2 Nfe4 17. h4 Nc3 18. Rb6 Ne2+ 19. Kh2 Nxc1 20. Rxc1 Bd7 21. Ng5 f5 22. Nf3 Rad8 23. Ne5 Bc8 24. Kg1 1/2-1/2

[Event "SM-2021-0-00443"]
[Site "LSS email"]
[Date "2021.04.22"]
[Round "?"]
[White "Maur, Rainer"]
[Black "Neytush, Edo"]
[Result "1/2-1/2"]
[WhiteElo "2303"]
[BlackElo "2159"]
[PlyCount "59"]
[EventDate "2021.02.10"]
[EventType "tourn (corr)"]
[EventRounds "6"]
[EventCountry "GER"]
[SourceTitle "Corr 2024"]
[Source "ChessBase"]
[SourceDate "2023.10.19"]
[SourceVersion "1"]
[SourceVersionDate "2023.10.19"]
[SourceQuality "1"]

1. e4 e5 2. Nf3 Nc6 3. d4 exd4 4. Nxd4 Nf6 5. Nxc6 bxc6 6. e5 Qe7 7. Qe2 Nd5 8. c4 Nb6 9. Nc3 Ba6 10. b3 0-0-0 11. Bb2 Re8 12. f4 f6 13. 0-0-0 fxe5 14. Qxe5 Qxe5 15. fxe5 Rxe5 16. Bd3 Re3 17. Rhe1 Rxe1 18. Rxe1 d5 19. Re8+ Kd7 20. Re1 dxc4 21. Bf5+ Kd8 22. Rd1+ Bd6 23. Ne4 Nd5 24. Nxd6 cxd6 25. Be4 cxb3 26. axb3 Kc7 27. Bxd5 cxd5 28. Rxd5 Rb8 29. Bxg7 Rxb3 30. Bf8 1/2-1/2

[Event "WC-2021-S-00006"]
[Site "LSS email"]
[Date "2021.04.03"]
[Round "?"]
[White "Maur, Rainer"]
[Black "Koch, Christian"]
[Result "1/2-1/2"]
[WhiteElo "2303"]
[BlackElo "2377"]
[PlyCount "43"]
[EventDate "2021.04.03"]
[EventType "tourn (corr)"]
[EventRounds "6"]
[EventCountry "GER"]
[SourceTitle "Corr 2024"]
[Source "ChessBase"]
[SourceDate "2023.10.19"]
[SourceVersion "1"]
[SourceVersionDate "2023.10.19"]
[SourceQuality "1"]

1. e4 e5 2. Nf3 Nc6 3. Bb5 Nf6 4. 0-0 Nxe4 5. Re1 Nd6 6. Nxe5 Be7 7. Bf1 Nxe5 8. Rxe5 0-0 9. d4 Bf6 10. Re1 Re8 11. Rxe8+ Nxe8 12. c3 d5 13. Bf4 a5 14. Nd2 a4 15. a3 c6 16. Bd3 g6 17. Nf3 Bg4 18. h3 Bxf3 19. Qxf3 b5 20. Re1 Ra7 21. g3 Re7 22. Rxe7 1/2-1/2

[Event "WC-2021-S-00006"]
[Site "LSS email"]
[Date "2021.04.03"]
[Round "?"]
[White "Maur, Rainer"]
[Black "Kuhne, Detlev"]
[Result "1/2-1/2"]
[WhiteElo "2303"]
[BlackElo "2474"]
[PlyCount "53"]
[EventDate "2021.04.03"]
[EventType "tourn (corr)"]
[EventRounds "6"]
[EventCountry "GER"]
[SourceTitle "Corr 2024"]
[Source "ChessBase"]
[SourceDate "2023.10.19"]
[SourceVersion "1"]
[SourceVersionDate "2023.10.19"]
[SourceQuality "1"]

1. e4 e5 2. Nf3 Nc6 3. Bb5 a6 4. Ba4 Nf6 5. 0-0 Be7 6. Re1 b5 7. Bb3 0-0 8. a4 b4 9. d4 d6 10. dxe5 Nxe5 11. Nxe5 dxe5 12. Qe2 a5 13. Nd2 Bc5 14. Nc4 Ng4 15. Ne3 Nf6 16. Nf5 Bxf5 17. exf5 h6 18. Be3 Bxe3 19. Qxe3 e4 20. Rad1 Qe7 21. h3 Rfe8 22. Bd5 Ra6 23. c3 Rd6 24. Bc4 bxc3 25. Qxc3 Qd8 26. Be2 c6 27. Rxd6 1/2-1/2

[Event "RM-2021-0-00233"]
[Site "LSS email"]
[Date "2021.01.05"]
[Round "?"]
[White "Maur, Rainer"]
[Black "Nichols, Scott"]
[Result "1/2-1/2"]
[WhiteElo "2314"]
[BlackElo "2368"]
[PlyCount "39"]
[EventDate "2020.11.29"]
[EventType "tourn (corr)"]
[EventRounds "6"]
[EventCountry "GER"]
[SourceTitle "Corr 2022"]
[Source "ChessBase"]
[SourceDate "2021.10.24"]
[SourceVersion "1"]
[SourceVersionDate "2021.10.24"]
[SourceQuality "1"]

1. d4 d5 2. c4 dxc4 3. e4 e5 4. Nf3 exd4 5. Bxc4 Nc6 6. 0-0 Be6 7. Bb5 Bc5 8. b4 Bb6 9. a4 a6 10. Bxc6+ bxc6 11. Bb2 Nf6 12. a5 Ba7 13. Nbd2 0-0 14. Qc2 Re8 15. Rac1 Nh5 16. g3 Qd6 17. Nc4 Qxb4 18. Bxd4 Bxd4 19. Nxd4 Qxc4 20. Qxc4 1/2-1/2

[Event "RM-2021-0-00233"]
[Site "LSS email"]
[Date "2021.01.04"]
[Round "?"]
[White "Maur, Rainer"]
[Black "Sorcinelli, Andrea"]
[Result "1/2-1/2"]
[WhiteElo "2314"]
[BlackElo "2314"]
[PlyCount "54"]
[EventDate "2020.11.29"]
[EventType "tourn (corr)"]
[EventRounds "6"]
[EventCountry "GER"]
[SourceTitle "Corr 2022"]
[Source "ChessBase"]
[SourceDate "2021.10.24"]
[SourceVersion "1"]
[SourceVersionDate "2021.10.24"]
[SourceQuality "1"]

1. d4 Nf6 2. c4 e6 3. Nf3 d5 4. g3 Bb4+ 5. Bd2 Be7 6. Bg2 0-0 7. 0-0 c6 8. Bf4 dxc4 9. Ne5 Nd5 10. Nxc4 Nxf4 11. gxf4 Nd7 12. Nbd2 Qc7 13. e3 b6 14. Rc1 Bb7 15. Ne4 Rac8 16. Qe2 Rfd8 17. Rfd1 Nf8 18. Ne5 Ng6 19. Nc3 Nxe5 20. fxe5 c5 21. Nb5 Qb8 22. Bxb7 Qxb7 23. dxc5 Bxc5 24. Nd6 Bxd6 25. Rxc8 Qxc8 26. exd6 Qc5 27. d7 Qg5+ 1/2-1/2

[Event "RM-2020-0-00226"]
[Site "LSS email"]
[Date "2020.11.02"]
[Round "?"]
[White "Maur, Rainer"]
[Black "Schroeder, Christoph"]
[Result "1/2-1/2"]
[WhiteElo "2323"]
[BlackElo "2306"]
[PlyCount "51"]
[EventDate "2020.10.20"]
[EventType "tourn (corr)"]
[EventRounds "6"]
[EventCountry "GER"]
[SourceTitle "Corr 2022"]
[Source "ChessBase"]
[SourceDate "2021.10.24"]
[SourceVersion "1"]
[SourceVersionDate "2021.10.24"]
[SourceQuality "1"]

1. d4 Nf6 2. c4 e6 3. Nf3 d5 4. Nc3 Be7 5. Bf4 0-0 6. e3 b6 7. Bd3 c5 8. cxd5 Nxd5 9. Nxd5 exd5 10. Ne5 cxd4 11. exd4 Bb4+ 12. Kf1 Nd7 13. Nc6 Qf6 14. Nxb4 Qxf4 15. Nxd5 Qd6 16. Qf3 Bb7 17. Ne7+ Qxe7 18. Qxb7 Rad8 19. Rd1 Qb4 20. b3 g6 21. Qf3 Kg7 22. Bc4 b5 23. a3 Qxa3 24. Bxb5 Nb6 25. Bc4 Qb4 26. Qe2 1/2-1/2

[Event "WC-2020-S-00003"]
[Site "LSS email"]
[Date "2020.06.08"]
[Round "?"]
[White "Maur, Rainer"]
[Black "Sadowski, Marek"]
[Result "1/2-1/2"]
[WhiteElo "2291"]
[BlackElo "2301"]
[PlyCount "63"]
[EventDate "2020.06.08"]
[EventType "tourn (corr)"]
[EventRounds "12"]
[EventCountry "GER"]
[SourceTitle "Corr 2024"]
[Source "ChessBase"]
[SourceDate "2023.10.19"]
[SourceVersion "1"]
[SourceVersionDate "2023.10.19"]
[SourceQuality "1"]

1. d4 d5 2. c4 c6 3. Nf3 Nf6 4. Nc3 e6 5. Bg5 h6 6. Bh4 dxc4 7. e4 g5 8. Bg3 b5 9. Be2 Bb7 10. 0-0 Nbd7 11. Ne5 Bg7 12. Nxd7 Nxd7 13. Bd6 a6 14. a4 b4 15. Bxb4 Qb6 16. Ba3 Qxd4 17. Qc2 c5 18. Rfd1 Qe5 19. Bxc4 Qc7 20. Ne2 0-0 21. Rac1 Ne5 22. Ng3 Nxc4 23. Qxc4 Rfd8 24. Rxd8+ Rxd8 25. b3 Bd4 26. Ne2 Be5 27. Ng3 a5 28. Bxc5 Bf4 29. Rb1 Rc8 30. b4 Be5 31. Qb5 axb4 32. Bxb4 1/2-1/2

[Event "WC-2020-S-00003"]
[Site "LSS email"]
[Date "2020.06.08"]
[Round "?"]
[White "Maur, Rainer"]
[Black "Sitorus, Yosua"]
[Result "1/2-1/2"]
[WhiteElo "2291"]
[BlackElo "2244"]
[PlyCount "86"]
[EventDate "2020.06.08"]
[EventType "tourn (corr)"]
[EventRounds "12"]
[EventCountry "GER"]
[SourceTitle "Corr 2024"]
[Source "ChessBase"]
[SourceDate "2023.10.19"]
[SourceVersion "1"]
[SourceVersionDate "2023.10.19"]
[SourceQuality "1"]

1. d4 Nf6 2. c4 c5 3. d5 b5 4. cxb5 a6 5. bxa6 g6 6. Nc3 Bxa6 7. g3 Bg7 8. Bg2 d6 9. Nf3 Nbd7 10. Rb1 0-0 11. 0-0 Ng4 12. Bd2 Nde5 13. Nxe5 Nxe5 14. b3 Qa5 15. Qc1 Rfb8 16. a4 Rb7 17. Qc2 Rab8 18. Ne4 Qb6 19. Rfe1 Qa7 20. Bc3 Nd7 21. Bxg7 Kxg7 22. Nd2 Rb4 23. Qc3+ Kg8 24. Ra1 Qb7 25. a5 Rd4 26. Ra2 Nf6 27. e4 Nd7 28. h3 Ne5 29. Re3 Nd3 30. Bf3 Qb4 31. Qc2 Ne5 32. Bg2 h5 33. Bf1 Ra8 34. Qc3 Qxc3 35. Rxc3 Nd3 36. Bxd3 Bxd3 37. f3 f5 38. Kf2 Kf7 39. h4 Ba6 40. Re3 Rb8 41. Ke1 Rbb4 42. Ra3 Ke8 43. Ra2 Kd8 1/2-1/2

[Event "WC-2020-S-00003"]
[Site "LSS email"]
[Date "2020.06.08"]
[Round "?"]
[White "Susla, Vitaliy"]
[Black "Maur, Rainer"]
[Result "0-1"]
[WhiteElo "2335"]
[BlackElo "2291"]
[PlyCount "144"]
[EventDate "2020.06.08"]
[EventType "tourn (corr)"]
[EventRounds "12"]
[EventCountry "GER"]
[SourceTitle "Corr 2024"]
[Source "ChessBase"]
[SourceDate "2023.10.19"]
[SourceVersion "1"]
[SourceVersionDate "2023.10.19"]
[SourceQuality "1"]

1. e4 e5 2. Nf3 Nf6 3. d4 Nxe4 4. Bd3 d5 5. Nxe5 Nd7 6. Nxd7 Bxd7 7. 0-0 Bd6 8. c4 0-0 9. c5 Be7 10. Nd2 Bf5 11. Nf3 Bg4 12. Re1 Bh5 13. a4 c6 14. a5 a6 15. Bf4 Bg5 16. Bxg5 Nxg5 17. Be2 Bxf3 18. Bxf3 Qf6 19. Ra3 Rae8 20. Rxe8 Rxe8 21. g3 g6 22. Rd3 Qg7 23. h4 Ne6 24. Qd2 f5 25. Bg2 Qf6 26. f4 Kf7 27. Kf1 h6 28. Qf2 Re7 29. Bh3 Ke8 30. Kg1 Ng7 31. Bg2 Kd8 32. Kf1 g5 33. hxg5 hxg5 34. Re3 Ne6 35. Re5 gxf4 36. gxf4 Rh7 37. Qg3 Kc7 38. Qe3 Rh6 39. Ke1 Kb8 40. Kd1 Nc7 41. Re7 Rh2 42. Bf1 Rxb2 43. Qe5 Qxe5 44. dxe5 Rf2 45. Bd3 Rxf4 46. e6 Rf2 47. Ke1 Ra2 48. Bxf5 Nxe6 49. Rxe6 Rxa5 50. Kd2 Rxc5 51. Re1 Rc4 52. Ra1 Rf4 53. Bd3 Ka7 54. Ke3 Rb4 55. Bf5 Kb6 56. Kd2 a5 57. Kc3 Rc4+ 58. Kb3 Rf4 59. Bg6 Ka6 60. Rc1 Rf3+ 61. Ka2 Kb6 62. Bh5 Rg3 63. Bf7 a4 64. Rc2 Re3 65. Bg8 Rf3 66. Be6 Rf6 67. Bg4 Kc7 68. Rd2 b5 69. Ka3 Rf4 70. Rg2 Kb6 71. Be2 Ka5 72. Bg4 b4+ 0-1